[Event "RUS-Cup01 Chigorin Memorial"]
[Site "St Petersburg"]
[Date "1997.11.03"]
[Round "3"]
[White "Razuvaev, Yuri S"]
[Black "Skatchkov, Pavel"]
[Result "1-0"]
[WhiteElo "2555"]
[BlackElo "2435"]
[Annotator "Tsesarsky,I"]
[PlyCount "67"]
[EventDate "1997.11.01"]
[EventType "swiss"]
[EventRounds "9"]
[EventCountry "RUS"]
[SourceTitle "CBM 062"]
[Source "ChessBase"]
[SourceDate "1998.01.31"]
[SourceVersion "1"]
[SourceVersionDate "1998.01.31"]
[SourceQuality "1"]

1. d4 d5 2. c4 e6 3. Nf3 c6 4. Nbd2 Nf6 5. g3 Nbd7 6. Bg2 Bd6 7. O-O O-O (7...
b6 8. e4 Nxe4 9. Nxe4 dxe4 10. Ng5 Nf6 11. Nxe4 Nxe4 12. Bxe4 Bb7 13. Qg4 g6
14. Qf3 (14. Bg5 Be7 (14... Qd7 15. Bf6 O-O 16. Rad1 $14) 15. Bxe7 Qxe7 16. Bg2
O-O 17. Rfe1 $14) 14... Rc8 15. Bh6 Bf8 16. Bxf8 Kxf8 17. Qa3+ Kg7 18. Qxa7 (
18. Rfd1 a6 19. c5 $16) 18... Qxd4 19. Qxb7 Qxe4 20. Qxb6 Qxc4 21. Rfc1 (21. b3
$14) 21... Qb5 22. Qd4+ e5 23. Qc3 Rhd8 $11 {1/2-1/2 Orlov,G-Bricher,J/Oregon
op 1994 (32)}) 8. b3 (8. Re1 b6 9. Qc2 Bb7 10. e4 dxe4 11. Nxe4 Nxe4 12. Qxe4
Rb8 13. Bg5 Nf6 14. Qe3 h6 15. Bf4 c5 16. Rad1 Bxf4 17. Qxf4 Bxf3 (17... cxd4
18. Rxd4 Qe7 $11) 18. Bxf3 cxd4 19. Rxd4 Qe7 20. a3 Rbd8 21. Rdd1 Rxd1 22. Rxd1
Rc8 $11 {Budnikov,A-Mueller,K/Berliner Sommer 1994/TD 94\02/ - (35)}) 8... b6 (
8... a5 9. Qc2 e5 10. dxe5 (10. Bb2 e4 11. Ne5 Re8 $11) 10... Nxe5 11. Bb2 Qe7
12. cxd5 Nxd5 13. Nxe5 (13. Rfd1 $14) 13... Bxe5 14. Bxe5 Qxe5 15. Nc4 $11 {
1/2-1/2 Ilic,Z-Tregubov,P/Nis op 1993 (53)}) (8... e5 9. cxd5 e4 10. Nh4 cxd5
11. Nf5 Bb4 12. Bb2 Nb8 13. Ne3 Nc6 14. a3 Ba5 15. b4 Bc7 16. f3 exf3 17. exf3
Re8 18. Re1 a5 19. b5 Ne7 20. a4 Nf5 $11 {1-0 Golombek,H-Pomar,A/London A
Congress 1946 (83)}) 9. Bb2 (9. e4 dxe4 10. Ng5 Bb7 11. Ngxe4 Be7 12. Bb2 Rb8
13. Nc3 c5 14. d5 exd5 15. cxd5 Ne5 16. Nc4 Nxc4 17. bxc4 Re8 18. Qd3 Bf8 19.
Bc1 h6 20. Bf4 Bd6 21. Bd2 Ba6 $11 {1-0 Bursteinas,R-Vitartaite,A/LTU-ch 1996/
EXP 53 (32)}) 9... Bb7 10. Qc2 (10. Ne5 c5 11. e3 Rc8 12. Rc1 Qe7 13. Qe2 Rc7
14. Rfd1 Rfc8 15. Nxd7 Nxd7 16. Qg4 $132 {0-1 Ibanez,E-Rebizzo,C/ARG-ch t
Mayor Bue 1931 (36)}) (10. h3 Ne4 11. Ne5 f5 (11... Nxd2 12. Qxd2 $11) 12. Kh2
Nxe5 (12... Bxe5 13. dxe5 Qc7 14. f4 $14 (14. cxd5 cxd5 (14... exd5) 15. Rc1
Qd8 16. Nf3 $14 {0-1 Molina,J-Piazzini/Buenos Aires (t Mayo 1931 (41)})) 13.
dxe5 Bc5 $11) 10... Qe7 (10... c5 11. Ne5 cxd4 12. Nxd7 Qxd7 13. Bxd4 e5 14.
Bb2 Rac8 $11 {Dotan,V-Kantor,L/ISR-chW 1994/EXT 97/ - (57)}) (10... Rc8 11. e4
dxe4 12. Nxe4 Nxe4 13. Qxe4 Nf6 14. Qc2 Qe7 15. Rad1 Rfd8 16. Rfe1 $14 {
1-0 Tupy Martin-Vojta Tomas/Ch Czech Chess Union (juniors), Cesky B 1996 (60)})
11. e4 dxe4 (11... Nxe4 12. Nxe4 dxe4 13. Qxe4 {This game}) 12. Nxe4 (12. Ng5
$5 c5 13. Ndxe4 Nxe4 14. Nxe4 cxd4 (14... a6 15. Nxd6 (15. Rad1 $5) 15... Bxg2
16. Nf5 Qg5 17. Kxg2 Qxf5 18. Qxf5 exf5 19. d5 $14) 15. Rad1 Bc5 16. Nxc5 Nxc5
17. Bxb7 Qxb7 18. Bxd4 Rfd8 $11) 12... Nxe4 13. Qxe4 Rad8 (13... Nf6 14. Qc2
Rad8 (14... a5 15. Rfe1 Rfd8 16. Rad1 $14) 15. Rad1 {This game}) 14. Rad1 Nf6
15. Qc2 c5 $2 (15... h6 16. Rfe1 Qc7 17. a3 $14 (17. c5 Be7 18. Ne5 Nd5 19. a3
Bf6 $132) (17. Ne5 c5 $11)) 16. dxc5 $16 Bxf3 $8 (16... Bxc5 $2 17. Ng5 $1 $18)
(16... bxc5 17. Ng5 e5 18. Bxb7 Qxb7 19. Rxd6 Rxd6 20. Bxe5 $18) 17. cxd6 $1
Bxd1 18. Qxh7+ $1 Nxh7 (18... Kxh7 $142 19. dxe7 Rh8 20. exd8=Q Rxd8 21. Re1
Kg6 $16) 19. dxe7 Be2 20. exf8=Q+ (20. Ra1 Rd2 21. Bc3 Rd7 (21... Rc2 22. Be4
$18) 22. exf8=Q+ Nxf8 23. Re1 $16) 20... Nxf8 21. Ra1 $1 Rd2 22. Bc3 Rc2 23.
Be5 (23. Bd4 $16) 23... Nd7 (23... Bd3 24. Bd4 $16) 24. Be4 Rd2 (24... Rxc4 $6
25. bxc4 Nxe5 26. Rc1 Bd3 (26... Nxc4 27. Rc2 $18) (26... Bxc4 27. f4 $18) 27.
f4 $18) 25. Bc3 Rd6 26. Re1 Bd1 (26... Bg4 27. f3 Bh3 28. b4 $16 (28. Kf2 Nc5
29. Bc2 Nd3+ $14)) 27. b4 Bg4 (27... Ba4 28. f4 $16) 28. Kg2 Nf6 $6 (28... f6
$16) 29. c5 $18 (29. Bxf6 gxf6 30. h3 Bd1 31. c5 bxc5 32. bxc5 Rd4 33. c6 Ba4
34. Rc1 Rxe4 35. c7 Bd7 36. Rd1 Kg7 37. Rxd7 Rc4 38. h4 $18) 29... bxc5 30.
bxc5 Ra6 31. Bxf6 gxf6 32. h3 (32. c6 $18) 32... Bf5 33. Bxf5 exf5 34. Rc1 1-0

[Event "Novak Nikolic Memorial 2nd"]
[Site "Belgrade"]
[Date "2000.02.12"]
[Round "10"]
[White "Damljanovic, Branko"]
[Black "Popchev, Milko"]
[Result "1-0"]
[WhiteElo "2534"]
[BlackElo "2510"]
[Annotator "Tsesarsky,I"]
[PlyCount "87"]
[EventDate "2000.02.02"]
[EventType "tourn"]
[EventRounds "11"]
[EventCountry "YUG"]
[EventCategory "11"]
[SourceTitle "CBM 076"]
[Source "ChessBase"]
[SourceDate "2000.05.31"]
[SourceVersion "1"]
[SourceVersionDate "2000.05.31"]
[SourceQuality "1"]

{[%mdl 48]} 1. d4 d5 2. c4 c6 3. Nf3 e6 4. Nbd2 f5 5. g3 Nf6 6. Bg2 Bd6 7. O-O
O-O 8. b3 Nbd7 (8... b6 9. Ne5 Bb7 10. Ndf3 Ne4 11. Nd3 Nd7 12. Bf4 Be7 13.
Nfe5 Ndf6 14. Rc1 $14 {1-0 Bezgodov,A-Grischuk,A/Moscow RUS 1999 (56)}) (8...
Bd7 9. Bb2 Be8 10. Ne5 Bh5 11. Ndf3 Nbd7 12. Nd3 h6 13. Nfe5 g5 14. f3 Qe7 15.
Qc2 $14 {1/2-1/2 Adla,D-Popov,V/Internet ICC 2000/The Week in Chess 280 (44)})
9. Bb2 Ne4 (9... Qe8 10. Qc1 (10. Ne5 g5 11. Qc1 Qh5 12. Ndf3 h6 13. Ba3 c5 14.
Nxd7 Bxd7 15. Bxc5 Bxc5 16. dxc5 Rac8 17. Ne5 Bc6 18. e3 $14 {1-0 Hjorth,
S-Schoiswohl,A/cr ch Eu 1976 (37)}) 10... Qe7 11. Ne5 Ne4 12. Ndf3 Ndf6 13. Ne1
$14 Bd7 $4 14. f3 {1-0 Bouwmeester,H-Vlagsma,C/Beverwijk(7) 1954 (14)}) (9...
Qe7 10. Qc2 Ne4 11. Ne5 Qf6 12. Ndf3 $14 (12. Nxd7 Bxd7 13. e3 Qh6 14. Nxe4
fxe4 $11 {1-0 Manninen,M-Kosonen,M/Espoo 1987 (40)})) 10. Ne1 (10. Ne5 Qg5 (
10... Qe8 11. Ndf3 (11. Nxe4 fxe4 12. f3 exf3 13. exf3 Nxe5 14. dxe5 Bc5+ 15.
Bd4 Qe7 16. Rc1 Bxd4+ (16... Ba3 17. Rc2 b6 18. cxd5 cxd5 19. Qd3 $14 {1-0
Mochalov Evgeny V-Fetisov,V/RUS club ch 1996 (37)}) 17. Qxd4 c5 18. Qd3 d4 19.
f4 Rb8 20. Be4 $14 {0-1 Rotstein,A-Levacic,P/Cannes 1995 (84)}) 11... Rf6 12.
Nd3 g5 13. Nfe5 Rh6 14. e3 g4 15. Nf4 Ndf6 16. f3 gxf3 17. Bxf3 $14 {0-1
Micheel,A-Schuster,B/BLW-9495 ,EXT 1995 (35)}) 11. e3 Ndf6 12. Qc1 Nxd2 13.
Qxd2 Bd7 14. a4 Rfc8 15. Ba3 Bxe5 16. dxe5 Ne4 17. Qe1 $14 {1-0 Afifi,
A-Abdennabi,I/Bahrain 1990 (32)}) (10. Qc2 Qf6 11. Ne1 Qh6 12. Ndf3 f4 13. Nd3
fxg3 14. hxg3 Ndf6 15. Nde5 Bd7 16. Qc1 $14 {1/2-1/2 Zakharevich,I-Karasev,V/
St Petersburg RUS 1999 (65)}) 10... Qe7 (10... Qg5 11. Ndf3 Qh5 12. e3 g5 13.
Nd3 f4 14. exf4 gxf4 15. Nfe5 Qxd1 16. Raxd1 $14 {1-0 Deflorian-Guidi ++/38
Campionato italia 1991 (45)}) 11. Nd3 b6 12. f3 (12. Nf3 $14) 12... Nxd2 13.
Qxd2 Ba6 14. Rfc1 dxc4 15. bxc4 e5 16. f4 $1 {Good solution!} e4 (16... exf4
17. gxf4 {[%cal Gd3e5]} (17. Nxf4 Rac8 $11) 17... Bb7 18. Ne5 Rae8 19. e3 Nxe5
20. fxe5 (20. dxe5 Bc5 21. Bd4 Rd8 22. Rd1 $11) 20... Bb4 21. Qd3 f4 22. Rf1
fxe3 23. Qxe3 $16 {[%cal Gd4d5,Ga1e1]}) 17. Ne5 (17. Ne1 $5 c5 18. d5 Nf6 19.
Nc2 Ng4 (19... Bxc4 20. Ne3 $14 {[%csl Rc4,Rf5]}) (19... Rad8 20. Qc3 $14) 20.
h3 Nf6 21. Qc3 $14) 17... c5 (17... Nxe5 18. fxe5 (18. dxe5 Bc5+ 19. e3 Rad8
$17) 18... Bc7 19. Qc2 (19. Qc3 {[%cal Gd4d5,Gb2a3]} Rfe8 20. a4 c5 21. e3 Rad8
22. a5 $132) 19... Rfe8 (19... Rae8 {[%cal Gc6c5]} 20. Qa4 $16) 20. Qb3 Kh8 21.
e3 $14) 18. e3 (18. Nc6 Qe8 19. d5 {[%cal Ga2a4]} Nb8 20. Ne5 Nd7 21. Qc3 $14)
18... Rac8 19. Nxd7 Qxd7 20. d5 $14 h5 $6 {This move is not connected with
further promotion, because file g opening is useful for White} (20... Rb8 21.
a4 Bc8 22. Bf1 Qc7 23. a5 Bd7 24. axb6 (24. Bc3 b5 25. cxb5 Bxb5 $11) 24...
axb6 25. Qc3 Rf7 $14) 21. a4 Rb8 22. Bf1 Qf7 23. Be2 Kh7 24. Rcb1 g6 {Black
play without certain plan.} 25. Be5 $5 Qe7 26. Qc3 Rfe8 27. a5 Bc8 (27... bxa5
28. Qxa5 (28. Bxd6 Qxd6 29. Qxa5 Rxb1+ 30. Rxb1 Re7 31. Ra1 (31. h3 Bc8 32. Kf2
$16) 31... Bc8 32. Qc3 Qb6 (32... a6 33. Rb1 Bb7 34. Qa5 $16) 33. Kg2 Qd6 34.
Bd1 $16 {[%csl Ra7,Rc5][%cal Gd1a4]})) 28. axb6 axb6 29. Ra3 Bxe5 30. Qxe5 Qxe5
31. fxe5 Rxe5 32. Rab3 (32. d6 Rb7 33. Ra6 Kg7 34. Raxb6 Rxb6 35. Rxb6 Kf7 36.
Bd1 Bd7 $11) 32... Re7 33. Rxb6 Reb7 (33... Rxb6 34. Rxb6 Bb7 35. Rb5 Rc7 36.
d6 Rd7 37. Rxc5 Kg7 (37... Kh6 38. Rc7 Rxc7 39. dxc7 Kg7 (39... g5 40. h4 $18)
40. c5 Kf6 41. Bb5 Ke7 42. h4 $18 {[%csl Rg6,Rh5][%cal Gg1f2,Gf2e2,Ge2d2,Gd2c3,
Gc3b4,Gb4a5,Ga5b6,Gb5e8] This position is winning: White King goes to the
Queenside without handicapes. If Black King will leave control of e8, Bb5-e8
will Attack Weak PP on the Kingside}) 38. Rc7 Rxc7 39. dxc7 Kf6 40. c5 Ke6 41.
Bb5 Ke7 (41... g5 42. h4 $18) 42. h4 $18) 34. Rxb7+ Rxb7 35. Ra1 (35. Rxb7+ $2
Bxb7 $11) 35... Rb2 $2 $18 (35... Bd7 $1 36. Ra5 Rc7 37. Kf2 Kg7 38. h4 Kf6 39.
Ra6+ Kf7 40. Bd1 Bc8 41. Ra5 Ke7 42. Ba4 Bd7 43. Bxd7 Kxd7 44. Ra6 Rb7 45. Rxg6
$16) 36. Kf1 h4 $6 {Despair} (36... Kg7 37. Ra5 $18 {[%csl Rc5]}) (36... Rb7
37. Ra5 Rc7 38. d6 Rc6 39. Ra7+ Kh6 40. d7 $18) 37. gxh4 f4 38. exf4 e3 (38...
Bh3+ 39. Ke1 $18) 39. Ke1 Bf5 40. d6 Rd2 41. Rd1 Rxd1+ 42. Bxd1 Kg7 43. Ba4 Kf6
44. Ke2 1-0

[Event "EU-ch 2nd"]
[Site "Ohrid"]
[Date "2001.06.10"]
[Round "9"]
[White "Vaganian, Rafael A"]
[Black "Iordachescu, Viorel"]
[Result "1-0"]
[WhiteElo "2641"]
[BlackElo "2589"]
[Annotator "Tsesarsky,I"]
[PlyCount "139"]
[EventDate "2001.06.01"]
[EventType "swiss"]
[EventRounds "13"]
[EventCountry "YUG"]
[SourceTitle "CBM 084"]
[Source "ChessBase"]
[SourceDate "2001.09.13"]
[SourceVersion "1"]
[SourceVersionDate "2001.09.13"]
[SourceQuality "1"]

{[%mdl 32]} 1. Nf3 {Hecht} Nf6 2. c4 e6 3. g3 d5 4. d4 c6 5. Nbd2 Nbd7 6. Bg2
Bd6 7. O-O O-O 8. Qc2 Qe7 9. a3 {Rare move.This move idea is to prevent Nd5
jump to b4 after virtual e6-e5, c4xd5 and Nf6xd5.} ({More popular is} 9. Re1 {
(Next move in our game)} e5 {Best reaction.} (9... b5 $6 10. c5 Bc7 11. a4 $14
{1-0 Kuligowski,A-Pliester,L/Amsterdam 1982/MCL (41)} (11. e4 $14)) (9... b6
10. e4 dxe4 (10... Nxe4 11. Nxe4 dxe4 12. Rxe4 $14 {0-1 Petrosian,A-Skembris,S/
Dortmund 1992/TD (37)}) 11. Nxe4 (11. Ng5 e3 12. Rxe3 Bb7 13. Nde4 $14 {
1-0 Bacrot,E-Bhat,V/St Lorenzo 1995/Juniors (17)}) 11... Nxe4 12. Qxe4 Bb7 13.
Ne5 (13. Bf4 $14) 13... f5 14. Qe2 $14 {1/2-1/2 Schmidt,W-Liljedahl,L/Eksjo
1973/EXT 2001 (23)}) (9... c5 10. cxd5 (10. e4 dxe4 11. Nxe4 $14) (10. b3 e5
11. dxe5 Nxe5 12. cxd5 Nxd5 13. Bb2 Nb4 $132 {1-0 Nedobora,M-Baron,J/Zaragoza
1993/EXT 98 (28)}) 10... Nxd5 (10... exd5 11. e4 dxe4 12. Nxe4 Nxe4 13. Rxe4
$16 {[%cal Ge4h4]}) 11. Ne4 cxd4 12. Nxd6 Qxd6 13. Nxd4 $14) (9... h6 10. e4
dxe4 11. Nxe4 Nxe4 12. Qxe4 Nf6 13. Qh4 Qd8 14. Bd2 $14 {1-0 Sarwinski,M-Stein,
M/Zakopane 2000/CBM 78 ext (38)}) 10. dxe5 (10. cxd5 Nxd5 $1 {Black avoids bad
PP structure with isolated Pd5.} (10... cxd5 11. e4 (11. dxe5 Nxe5 12. Nxe5
Qxe5 13. Nf3 Qh5 14. Qb3 $14 {1-0 Ftacnik,L-Kotek,D/CZE 1997/EXT 98 (33)} (14.
Be3 $14 {1-0 Michelakis,G-Curi,G/Yerevan 1996/EXT 97 (48)})) 11... dxe4 12.
Nxe4 Nxe4 13. Qxe4 f6 14. Bd2 Qf7 15. Qd3 exd4 16. Qxd4 Bc5 17. Qc3 Bb6 18. Bf4
$14 {1-0 Chernin,A-Feldman,S/USA 1990/EXT 97 (28)}) 11. a3 exd4 12. Nc4 (12.
Nb3 Nc5 13. Nfxd4 $11 {1/2-1/2 Lavrov,A-Vilkov,V/Briansk 1995/EXT 98 (72)})
12... Bc7 13. Nxd4 $11 {1-0 Beikert,G-Delchev,A/Sofia 1994/TD (61)}) 10... Nxe5
11. cxd5 (11. Nxe5 Qxe5 12. cxd5 cxd5 13. Nf3 Qh5 14. Bg5 (14. Qb3 $14 {
like in the game Ftacnik - Kotek noted above.}) 14... Ne4 15. Be3 $14 {1-0
Donchenko,A-Kulikov,A/Korolev 1999/EXT 2001 (22)}) 11... Nxd5 12. Nxe5 Nb4 $5 (
12... Bxe5 13. Nc4 Bc7 (13... Bd4 14. e3 f5 15. Bd2 Bc5 16. a3 a6 $132 {
0-1 Pavlovic,M-Papaioannou,I/Panormo 1998/CBM 67 ext (51)}) 14. Bd2 Rd8 15. a3
Be6 16. b4 Rab8 17. Rad1 c5 18. e4 Nf6 19. Ne3 $14 {1-0 Manor,I-Sehner,N/
Lugano 1989/TD (25)}) 13. Qb1 Bxe5 14. Nf3 Bf6 15. a3 Na6 16. e4 Bg4 17. Be3
Bxf3 18. Bxf3 Nc7 19. Qc2 Ne6 20. Rad1 Rfd8 $11 {[%csl Rd4][%cal Gf6d4,Ge6d4]
1/2-1/2 Temirbaev,S-Handoko,E/Kuala Lumpur 1993/EXT 98 (28)}) ({Interesting
also} 9. Rd1) ({and} 9. b3) 9... Re8 (9... e5 10. cxd5 Nxd5 (10... e4 11. Nh4
cxd5 12. Nf5 Qe6 13. Nxd6 Qxd6 14. Nb3 $14 {0-1 Van Rijn,A-De Waard,M/Den
Bosch 1992/EXT 98 (52)}) (10... cxd5 11. dxe5 Nxe5 12. Nxe5 Bxe5 13. Nf3 $14)
11. Nc4 exd4 12. Nxd6 Qxd6 13. Nxd4 $14) 10. Re1 e5 (10... c5 11. dxc5 (11.
cxd5 exd5 12. dxc5 Nxc5 13. Nb3 (13. b4 Nce4 14. Nxe4 dxe4 15. Nd4 Bd7 $11) (
13. Nd4 Nce4 14. Nxe4 dxe4 $11) 13... Nce4 14. Be3 Bf5 15. Nbd4 Bg6 16. Qb3 Ng4
$132) 11... Nxc5 12. b4 Nce4 13. Bb2 a5 14. c5 $14 {0-1 Litinskaya,
M-Fatalibekova,E/Warsaw 1996/EXT 98 (33)}) 11. cxd5 cxd5 12. e4 dxe4 13. Nxe4
Nxe4 14. Qxe4 $14 Qf8 {After this move some pieces will be exchanged and Bg2
will be stronger than Bc8.} (14... exd4 $143 $6 $16 15. Qxd4 Qxe1+ (15... Ne5
16. Nxe5 Bxe5 17. Qd5 {[%csl Re5][%cal Gc1f4]} Rd8 (17... Kh8 18. Bf4 f6 19.
Bxe5 fxe5 20. f4 $16) 18. Bg5 Qxg5 19. Rxe5 Qf6 20. Rae1 Be6 21. Qxb7 Rab8 22.
Qxa7 Rxb2 23. Bd5 $16) 16. Nxe1 Rxe1+ 17. Bf1 Nc5 (17... Bc5 18. Qc3 Rd1 19.
Qc2 Re1 20. Rb1 Ne5 21. Bf4 Rxb1 22. Qxb1 Ng4 23. Qe4 Bxf2+ 24. Kg2 Be6 25.
Qxb7 $16) 18. Qd2 Re6 19. Bc4 $16) 15. dxe5 Nxe5 16. Bf4 $1 Nxf3+ 17. Qxf3 Bxf4
18. Qxf4 Be6 19. Rac1 $1 {[%csl Rb7][%cal Gg2b7,Gc1c7]} ({Badly is} 19. Bxb7 $6
Rab8 20. Bc6 Rec8 $11 {[%csl Rb2,Rc6]}) 19... Re7 $8 20. Rc7 $1 Qd8 $1 {
Black solves Pb7, but in his camp will immediately created new weakness - Pe6.}
({Not} 20... Rxc7 $2 21. Qxc7 Qd8 22. Qxb7 Rb8 23. Qxa7 Rxb2 $16) 21. Rxe7 Qxe7
22. Bd5 {[%csl Re6]} Re8 ({Not} 22... Rc8 $2 23. Qe3 $16 {[%csl Ra7,Re6][%cal
Ge3a7,Ge3e6]}) 23. Bxe6 fxe6 {Hecht: 'Andauernder kleiner weißer Vorteil durch
die Bauernschwäche e6. Lavieren und Nadelstichpolitik verbunden mit Raumgewinn
bis Schwarz mürbe wird und Fehler begeht.'} 24. Rc1 {White has slight
advantage and initiative. Of course, Black has good chances to reach draw, but
it needs patient in defence during a long time...} (24. Qe5 $14) 24... Qd8 25.
Rc7 Rf8 ({Dubious is} 25... Qd1+ 26. Kg2 Qd5+ 27. Qf3 $16 Qxf3+ 28. Kxf3 Rf8+
29. Ke3 Rf7 30. Rc8+ Rf8 31. Rxf8+ (31. Rc5 $16) (31. Rc4 {Hecht} Rf5 $14)
31... Kxf8 32. Kd4 Ke7 33. Ke5 $16) 26. Qc1 Qd5 27. h4 a6 (27... Qf3 28. Qe1
$14) 28. Qe3 h6 29. Rc5 Qd6 30. Re5 Re8 31. b4 Re7 (31... b5 32. Qe4 Qd1+ 33.
Kg2 Qd6 34. h5 $14) 32. Qe4 Kf7 33. h5 Kf8 34. Kg2 Ke8 {'!?' Hecht. Hecht:
'Schwarz bringt seinen König riskanterweise in die Mitte, von wo aus er von
zwei Seiten angegriffen werden kann.'} (34... Kg8 35. Rc5 $14 (35. f4 Qd2+ (
35... b5 $14 {Hecht}) 36. Kh3 Qd1 37. Rc5 Qd7 38. Qe5 $14) 35... Qd7) 35. Rc5 {
Black K can't return home:} Kd8 (35... Kf8 36. Rc8+ $18) (35... Kf7 36. Qg6+
$18) 36. Qh7 $5 {White successfully complicated the game, Black has certain
problems in defence.} Rf7 37. Qg6 Rd7 38. Qc2 Qd4 ({Endgame after} 38... Rc7 {
is probably lost:} 39. Rxc7 Qxc7 40. Qxc7+ Kxc7 41. Kf3 Kd6 42. Ke4 $16) 39.
Rc8+ Ke7 40. Qg6 Kd6 41. Rf8 Qd5+ 42. Kh2 Kc6 (42... Kc7 43. Qc2+ Qc6 44. Qe2 (
44. Qxc6+ Kxc6 $11) 44... Rd5 45. Rf7+ $16) 43. Rc8+ Kd6 (43... Kb6 {Hecht} 44.
a4 {ist zwar ebenfalls schwierig aber vielleicht sicherer.} Re7) 44. Rf8 Kc6
45. a4 Qe5 {'?' Hecht.} (45... Kb6 $5 {Hecht}) (45... Kc7 $5 {Hecht}) 46. Rc8+
Kd6 (46... Kb6 $2 {Hecht} 47. a5+ Ka7 48. Qe8 $18) (46... Rc7 $6 {Hecht} 47.
Rd8 Re7 48. Qd3 $40 {z.B.} Qxh5+ 49. Kg2 Qe5 50. Qc4+ Kb6 51. a5+ Ka7 52. Qc8
$18) 47. Rc4 (47. Qe8 $14) 47... Ke7 48. Rf4 Kd6 49. Qe8 (49. a5 Rc7 (49... Kc7
50. Re4 Qb2 51. Kg2 Re7 52. Rc4+ $16) 50. Rf8 $14) 49... Qd5 50. Qb8+ Kc6 51.
Qc8+ Kd6 52. Kg1 Qd1+ 53. Kg2 Qd5+ 54. f3 {Hecht: 'Soll e4 als Operationsbasis
für den Turm gewinnen.'} Rc7 $2 $18 {Now White has enough time to play g3-g4
and to avoid unpleasnt checks and Ph5 Attack.} ({Right was} 54... Qd2+ 55. Kh3
Qd5 {[%csl Rh5]} 56. Qe8 $14 (56. Qb8+ Rc7 57. g4 Qd1 58. Qf8+ Re7 $11)) 55.
Qd8+ Rd7 56. Qb8+ Kc6 57. Re4 {'!' Hecht.} Rd8 (57... Qd2+ 58. Kh3 Qd5 59. Re5
$18) 58. Qa7 $1 Qd2+ 59. Kh3 Qd5 60. g4 Rd6 61. Qb8 $1 (61. Qe3 Kd7 62. Qc3 Qg5
63. Rc4 $16) 61... Rd8 (61... Kb6 62. Kg3 Qc6 63. b5 axb5 64. axb5 Kxb5 65. Re2
$18 {[%csl Rb5]}) 62. Qf4 {'!' Hecht.} Kb6 (62... b6 {Hecht} 63. Rc4+ Kb7 64.
Rc7+ Ka8 65. Qf7 Kb8 66. Ra7 Qc6 67. b5 axb5 68. axb5 Qc8 69. Qxg7 $18) 63.
Qe3+ Kc7 64. Rxe6 {White has material and positional advantage. '+-' Hecht.}
Rf8 65. Re7+ Kb8 66. Kg3 Qc6 (66... Qd6+ 67. Qe5 (67. f4 Qxb4 68. Rxg7 $18)
67... Qxe5+ 68. Rxe5 $18) 67. a5 Ka8 68. Qe4 Qd6+ 69. f4 Rb8 (69... Qb8 {Hecht}
70. Rxg7 (70. b5 {Hecht} Qc8 71. bxa6 Qc3+ 72. Qf3 $18)) 70. Re6 {We can note
high level of strategy demonstrated by Rafael Vaganian.} 1-0